| 000 | 00541nam a2200157 i 4500 | ||
|---|---|---|---|
| 001 | 187142 | ||
| 003 | ES-MaACL | ||
| 005 | 20230906222827.0 | ||
| 008 | 170424s1949 fr |||| | fre d | ||
| 080 | _a821.111(73)-31"19" | ||
| 100 | 1 |
_aShaw, Irwin. _9106032 |
|
| 245 | 1 | 3 |
_aLe bal des maudits / _cIrwin Shaw ; [traduction de G.-M. Dumoulin]. |
| 260 |
_aParis : _bPresses de la Cité, _c[1949] |
||
| 300 |
_a667 p. ; _c22 cm. |
||
| 852 |
_aES-MaACL _jL-31471 _z- enc. cart. _z. - Donat. herederos de la bibl. de Mª del Pilar Costa Palacín |
||
| 999 |
_c187142 _d187142 |
||